Towards the distribution of a class of polycrystalline materials with an equilibrium defect structure by grain diameters: Temperature behavior of the yield strength; AIP Conference Proceedings; Vol. 2899, iss. 1 : Physical Mesomechanics of Condensed Matter: Physical Principles of Multiscale Structure Formation and the Mechanisms of Nonlinear Behavior (MESO 2022)

Bibliografiske detaljer
Parent link:AIP Conference Proceedings.— : AIP Publishing
Vol. 2899, iss. 1 : Physical Mesomechanics of Condensed Matter: Physical Principles of Multiscale Structure Formation and the Mechanisms of Nonlinear Behavior (MESO 2022).— 2023.— Article number 020122, 8 p.
Hovedforfatter: Reshetnyak А. А. Aleksandr Aleksandrovich
Andre forfattere: Shamshutdinova V. V. Varvara Vladimirovna
Summary:Title screen
We modify a theory of flow stress introduced in [6,7,8] for a class of polycrystalline materials with equilibrium and quasy-equilibrium defect structure under quasi-static plastic deformations. We suggest Maxwell-like distribution law for defects (within dislocation-disclination mechanism) in the grains of polycrystalline samples with respect to grain’s diameter. Polycrystalline aggregates are considered within single-and two-phase models that correspond by the presence of crystalline and grain-boundary (porous) phases. The scalar dislocation density is derived. Analytic and graphic forms of the generalized Hall–Petch relations for yield strength are produced for single-mode samples with BCC (a-Fe), FCC (Cu, Al, Ni) and HCP (a-Ti, Zr) crystal lattices at T=300 K with different values of the grain-boundary phase. We derived new form of the temperature-dimensional effect. The values of extremal grain and maximum of yield strength are decreased with raising the temperature in accordance with experiments up to UFG region
Текстовый файл
AM_Agreement
Sprog:engelsk
Udgivet: 2023
Fag:
Online adgang:https://doi.org/10.1063/5.0162982
Format: MixedMaterials Electronisk Book Chapter
KOHA link:https://koha.lib.tpu.ru/cgi-bin/koha/opac-detail.pl?biblionumber=672531

MARC

LEADER 00000naa2a2200000 4500
001 672531
005 20250507162503.0
090 |a 672531 
100 |a 20240516d2023 k||y0rusy50 ba 
101 0 |a eng 
102 |a US 
135 |a drcn ---uucaa 
181 0 |a i   |b  e  
182 0 |a b 
183 0 |a cr  |2 RDAcarrier 
200 1 |a Towards the distribution of a class of polycrystalline materials with an equilibrium defect structure by grain diameters: Temperature behavior of the yield strength  |f A. A. Reshetnyak, V. V. Shamshutdinova 
203 |a Текст  |c электронный  |b визуальный 
283 |a online_resource  |2 RDAcarrier 
300 |a Title screen 
320 |a References: 15 tit 
330 |a We modify a theory of flow stress introduced in [6,7,8] for a class of polycrystalline materials with equilibrium and quasy-equilibrium defect structure under quasi-static plastic deformations. We suggest Maxwell-like distribution law for defects (within dislocation-disclination mechanism) in the grains of polycrystalline samples with respect to grain’s diameter. Polycrystalline aggregates are considered within single-and two-phase models that correspond by the presence of crystalline and grain-boundary (porous) phases. The scalar dislocation density is derived. Analytic and graphic forms of the generalized Hall–Petch relations for yield strength are produced for single-mode samples with BCC (a-Fe), FCC (Cu, Al, Ni) and HCP (a-Ti, Zr) crystal lattices at T=300 K with different values of the grain-boundary phase. We derived new form of the temperature-dimensional effect. The values of extremal grain and maximum of yield strength are decreased with raising the temperature in accordance with experiments up to UFG region 
336 |a Текстовый файл 
371 0 |a AM_Agreement 
461 1 |0 640270  |9 640270  |t AIP Conference Proceedings  |n AIP Publishing 
463 1 |t Vol. 2899, iss. 1 : Physical Mesomechanics of Condensed Matter: Physical Principles of Multiscale Structure Formation and the Mechanisms of Nonlinear Behavior (MESO 2022)  |o International Conference, 5-8 September 2022 Tomsk, Russia  |v Article number 020122, 8 p.  |d 2023 
610 1 |a электронный ресурс 
610 1 |a труды учёных ТПУ 
610 1 |a crystallographic defects 
610 1 |a crystal lattices 
610 1 |a mechanical stress 
610 1 |a metallurgy 
610 1 |a polycrystalline material 
700 1 |a Reshetnyak  |b А. А.  |c physicist  |c Associate Professor of Tomsk Polytechnic University, Candidate of Physical and Mathematical Sciences  |f 1970-  |g Aleksandr Aleksandrovich  |9 88518 
701 1 |a Shamshutdinova  |b V. V.  |c physicist  |c Associate Professor of Tomsk Polytechnic University, candidate of physical and mathematical sciences  |f 1982-  |g Varvara Vladimirovna  |9 20209 
801 0 |a RU  |b 63413507  |c 20240516  |g RCR 
850 |a 63413507 
856 4 |u https://doi.org/10.1063/5.0162982  |z https://doi.org/10.1063/5.0162982 
942 |c CF